| 000 | 01073nam a2200313 a 4500 | ||
|---|---|---|---|
| 001 | 24924 | ||
| 003 | CO-ViMGA | ||
| 008 | 141112s2004 ck r 000 u spa d | ||
| 020 | _a9789588654409 | ||
| 040 |
_aCO-ViMGA _bspa _cCO-ViMGA |
||
| 041 | _aSPA | ||
| 090 | _aA POU4 | ||
| 100 | 1 |
_aPoussier, Audrey, 1978 - _937422 |
|
| 245 | 1 | 0 |
_aEl más guapo / _cTexto e ilustraciones Audrey Poussier ; traducción José Luis Aja Sánchez |
| 260 |
_aBogotá : _bAnaya, _c2012 |
||
| 300 | _a24 p. : il. col. : il. | ||
| 490 | _aLos libros de Leo | ||
| 500 | _aTítulo original : Le plus beau | ||
| 650 | 1 | 4 |
_aANIMALES HUMANIZADOS - LIBROS DE IMAGENES _937423 |
| 650 | 1 | 4 |
_aAUTORES FRANCESES _91076 |
| 650 | 1 | 4 |
_aDESDE LOS 18 MESES _937424 |
| 650 | 1 | 4 |
_aHUMOR - LIBROS DE IMAGENES _937425 |
| 650 | 1 | 4 |
_aILUSTRADORES FRANCESES _937426 |
| 650 | 1 | 4 |
_aLITERATURA INFANTIL FRANCESA - SIGLO XXI _937427 |
| 650 | 1 | 4 |
_aVIDA COTIDIANA - LIBROS DE IMAGENES _937428 |
| 700 | 1 |
_aAja Sánchez, José Luis _937429 |
|
| 700 | 1 |
_aPoussier, Audrey, 1978 - _937422 |
|
| 942 |
_2ddc _cBK |
||
| 999 |
_c2541 _d2541 |
||